Welcome to CU Library Online Public Access Catalogue (OPAC)

Theory and problems of statistics (Record no. 1354)

MARC details
000 -LEADER
fixed length control field 00544nam a22001937a 4500
005 - DATE AND TIME OF LATEST TRANSACTION
control field 20241120114046.0
008 - FIXED-LENGTH DATA ELEMENTS--GENERAL INFORMATION
fixed length control field 241120b |||||||| |||| 00| 0 eng d
020 ## - INTERNATIONAL STANDARD BOOK NUMBER
International Standard Book Number 9780070435100
050 ## - LIBRARY OF CONGRESS CALL NUMBER
Classification number QA 276.9 SPI
Item number xvii,524p
082 ## - DEWEY DECIMAL CLASSIFICATION NUMBER
Classification number QA 276.9 SPI
100 ## - MAIN ENTRY--PERSONAL NAME
Personal name Spiegel,Murray.R
110 ## - MAIN ENTRY--CORPORATE NAME
Corporate name or jurisdiction name as entry element Schaum'S Outlines
245 ## - TITLE STATEMENT
Title Theory and problems of statistics
260 ## - PUBLICATION, DISTRIBUTION, ETC.
Place of publication, distribution, etc. New Delhi
Name of publisher, distributor, etc. Tata-McGraw-Hill
Date of publication, distribution, etc. 1998c
300 ## - PHYSICAL DESCRIPTION
Extent xvii,524p,tables, appendix.
500 ## - GENERAL NOTE
General note tables,appendix.
700 ## - ADDED ENTRY--PERSONAL NAME
Personal name Stephens,J.Larry
942 ## - ADDED ENTRY ELEMENTS (KOHA)
Source of classification or shelving scheme Library of Congress Classification
Koha item type Books
Edition 3rd
Suppress in OPAC No
999 ## -
-- 1354
-- 1354
Holdings
Withdrawn status Lost status Source of classification or shelving scheme Damaged status Not for loan Collection Home library Current library Shelving location Date acquired Total checkouts Full call number Barcode Date last seen Copy number Price effective from Koha item type
    Library of Congress Classification     Non-fiction Graduate Library (Christ Temple) Graduate Library (Christ Temple) General stacks 11/20/2024   QA 276.9 SPI GSCT00000094 11/20/2024 1 11/20/2024 Books
    Library of Congress Classification     Non-fiction Graduate Library (Christ Temple) Graduate Library (Christ Temple) General stacks 03/20/2025   QA 276.9 SPI GSCT00000706 03/20/2025 2 03/20/2025 Books
© 2023-2024 Copyright: Central University Libraries. All Rights Reserved | Created by: Mahone Tech Office